01221cam a2200361 i 450000100090000000300050000900500170001400800410003101000170007202000430008902000260013203800100015804000280016804200080019604300120020405000210021608200230023710000340026024500800029426000340037430000290040833600210043733700250045833800230048349000330050650400670053965000460060665000440065265000510069665100330074765100350078065100440081517976580NUST20220825155050.0131219s2014 mau b 001 0 eng  a 2013050262 a9780807000403 (hardcover : alk. paper) z9780807000410 (ebook) aAzhar aDLCbengcDLCerdadDLC apcc an-us---00aE76.8b.D86 201400a970.00497223bDUN1 aDunbar-Ortiz, Roxanne,d1939-13aAn indigenous peoples' history of the United States cRoxanne Dunbar-Ortiz. aBoston :bBeacon Press,c2014 axiv, 296 pages ;c24 cm. atext2rdacontent aunmediated2rdamedia avolume2rdacarrier0 aReVisioning American history aIncludes bibliographical references (pages 240-279) and index. 0aIndians of North AmericaxHistoriography. 0aIndians of North AmericaxColonization. 0aIndians, Treatment ofzUnited StatesxHistory. 0aUnited StatesxColonization. 0aUnited StatesxRace relations. 0aUnited StatesxPolitics and government.